Statystyki dla Quiz o Mistrzostwach Świata 2022

Kliknij tutaj aby rozwiązać quiz!

Ogólne statystyki

  • Ten quiz został rozwiązany 868 razy
  • Średni wynik to 9 z 15

Statystyki odpowiedzi

ZagadnienieOdpowiedź% Poprawnych
Kto Sędziował Finał?Szymon Marciniak
96%
Kto został królem strzelców turnieju?Kylian Mbappe
91%
Jaka drużyna zaprezentowała się najgorzej na Mundialu? (punkty i bilans bramkowy)Katar
86%
Jakie było najwyższe zwycięstwo na turnieju?Hiszpania vs Kostaryka
78%
Ile goli Polska strzeliła na Mundialu?3
73%
Jaki był wynik Meczu otwarcia Mundialu? (Katar vs Ekwador)2-0 dla Ekwadoru
72%
Kto wygrał nagrodę najlepszego młodego gracza turnieju?Enzo Fernandez
68%
Kto strzelił zwycięskiego karnego w finale dla Argentyny?Gonzalo Montiel
67%
Ile goli padło podczas turnieju?172
61%
Dwaj jedyni piłkarze, którzy zdobyli hat tricka na turnieju?Kylian Mbappe, Goncalo Ramos
53%
Jakim drużynom udało się pobić/wyrównać najlepszy wynik w historii na Mundialu w Katarze (nie licząc drużyn, które odpadły w fazie grupowej)Japonia, Maroko, Argentyna, Australia
41%
Jak nazywał się największy stadion na, którym rozgrywany był Mundial?Lusail Stadium
39%
Ile czerwonych kartek było na turnieju.4
33%
Jaka Reprezentacja zdobyła nagrodę FIFA Fair Play na Mundialu.Anglia
21%
Ile Rzutów Karnych podyktowali sędziowie podczas Mundialu.22
10%

Rozkład punktacji

Percentyl według liczby udzielonych odpowiedzi

Procent ludzi z każdym wynikiem

Twoja historia wyników

Nie rozwiązałeś tego quizu